000 00796cam a2200253 a 4500
001 16965239
005 20180214041035.0
008 110916s2013 maua b 001 0 eng
010 _a 2011038729
020 _a9780132657143
020 _a0132657147
040 _aDLC
_cDLC
_dDLC
041 _aeng
042 _apcc
080 _a649.1 MEN
082 0 0 _a649.1 MEN
_223
100 1 _a47
101 _aEDU
245 1 0 _aChild, family, and community :
_cJanet Gonzalez-Mena.
504 _aIncludes bibliographical references and index.
906 _a7
_bcbc
_corignew
_d1
_eecip
_f20
_gy-gencatlg
942 _2ddc
_cBK
999 _c42473
_d42473